Donda 2 Tracklist - Statistics

General Stats
  • This quiz has been taken 54 times
  • The average score is 14 of 21
Answer Stats
Hint Answer % Correct
7 PABLO
95%
1 TRUE LOVE
91%
2 BROKEN ROAD
82%
9 HAPPY
77%
17 LOUIE BAGS
77%
11 CITY OF GOD
73%
10 SECURITY
73%
12 530
68%
3 GET LOST
68%
21 FIRST TIME IN A LONG TIME
64%
4 KEEP THE FLOWERS
64%
8 MR MIYAGI
64%
6 TOO EASY
64%
13 CITY OF CHI
59%
5 JESSE
59%
14 SCIFI
59%
18 WE DID IT
59%
16 BURN EVERYTHING
50%
15 SUZY
50%
20 LORD LIFT ME UP
41%
19 MAINTENANCE
41%
No matching quizzes found
Score Distribution
Percent of People with Each Score
Percentile by Number Answered
Your Score History
You have not taken this quiz